| 000 | 00344nam a2200121Ia 4500 | ||
|---|---|---|---|
| 008 | 220204s9999 xx 000 0 und d | ||
| 082 |
_a579.23'314 _bINO |
||
| 100 | _aINOVYE, Masayori | ||
| 245 | 0 | _aBacterial outer membranes: Biogenesis and functions | |
| 260 |
_aNew York _bJohn Wiley _c1977 |
||
| 650 | _aBacterial outer membrane | ||
| 942 | _cBK | ||
| 999 |
_c36308 _d36308 |
||